Guess the Kpop Idol with Dyed Hair Quiz Stats

 Plays Quiz not verified by Sporcle

Challenge
Share
Tweet
Score 0/15 Timer 03:00
0 Plays Today
% Correct
G-Dragon
98.9%
G-Dragon
97.6%
G-Dragon
97.6%
G-Dragon
97.4%
G-Dragon
97.3%
G-Dragon
97.1%
G-Dragon
97%
G-Dragon
96.8%
% Correct
G-Dragon
96.7%
G-Dragon
96.6%
G-Dragon
96.5%
G-Dragon
96.5%
G-Dragon
96.4%
G-Dragon
96.3%
G-Dragon
96.3%

You're not logged in!

Compare scores with friends on all Sporcle quizzes.
OR
Log In

You Might Also Like...

Show Comments

Extras

Created Sep 4, 2016ReportNominate
Tags:Kpop Quiz, Kpop Quiz

Top Quizzes Today


Score Distribution

Your Account Isn't Verified!

In order to create a playlist on Sporcle, you need to verify the email address you used during registration. Go to your Sporcle Settings to finish the process.

Report this User

Report this user for behavior that violates our Community Guidelines.

Details: